LEADER 01268nam a2200241 i 4500 001 000000169173 003 CaOOAMICUS 005 20080212000000.0 008 080212s1488 it u000 u lat u 013 $a146576 040 $aSeMil$bita 240 10$aImitatio Christi ; [segue] Joannes Gerson, De meditatione cordis.$0(OLS)http://semarc/title/241932 245 10$aImitatio Christi ; [segue] Joannes Gerson, De meditatione cordis. 260 $aMilano :$bLeonhard Pachel,$c1488, luglio. 300 $a11 x 16 ;$ccc. 67 ;$cgot. 500 $aH *9096 ; BMC VI, 777 ; IGI III, 5116. - Legatura in pergamena. - Titolo e prima iniziale in rosso. - Descrizione da : Incunaboli e Cinquecentine della Biblioteca del Seminario di Milano / catalogo a cura di Ubaldo Valentini, Milano 1981. - Numero di catalogo : 56. 700 0 $aIacopo : di Varazze.$0(OLS)http://semarc/name/5973 850 $aSeMil 852 $aSeMil$W1$xVenegono$y1$mFV.A I 19$j120137$B120137$CSeMilBibl$Z2$F131450 $86 900 1 $aJacobus : de Voragine$c. 996 $6245$aImitatio Christi ; [segue] Joannes Gerson, De meditatione cordis$9(OLS)http://semarc/title/241932 996 $6260$aMilano :$bLeonhard Pachel$9(OLS)http://semarc/publisher/47037 LEADER 01121nam a2200253 i 4500 001 000000111023 003 CaOOAMICUS 005 20030102000000.0 008 030102s1982 it u000 u ita u 013 $a83704 040 $aSeMil$bita 100 1 $aFaricy, Robert,$c.$0(OLS)http://semarc/name/16162 240 10$aChristian faith and my everyday life.$0(OLS)http://semarc/title/161473 245 10$aSono con voi ogni giorno :$bla dottrina spirituale di Teilhard de Chardin /$cRobert Faricy. 260 $aMilano :$bĀncora,$c1982. 300 $a110 p. ;$c19 cm. 500 $aContiene : Breve bibliografia. - Fondo Card. C.M. Martini. 650 4$aTeilhard de Chardin, Pierre - Spiritualitā.$0(OLS)http://semarc/subject/19786 850 $aSeMil 852 $aSeMil$W1$xVenegono$y1$m2C I 592$j66858$B66858$CSeMilBibl$Z2$F100855 $81 941 1 $a4 961 $aOmaggio: Martini Card. Carlo Maria 996 $6245$aSono con voi ogni giorno :$bla dottrina spirituale di Teilhard de Chardin$9(OLS)http://semarc/title/161472 996 $6260$aMilano :$bĀncora$9(OLS)http://semarc/publisher/29763